| 000 | 00382nam a2200145Ia 4500 | ||
|---|---|---|---|
| 008 | 230917s9999||||xx |||||||||||||| ||und|| | ||
| 040 |
_e23146 _aMAIN |
||
| 041 | _aEnglish | ||
| 082 | _a330.1 T156C | ||
| 100 | _aTangri, Shanti S, ed. | ||
| 245 | 0 | _aCommand versus demand: Systems for economic growth | |
| 260 |
_aBeston _bD C Heath _c1967 |
||
| 300 | _axvi, 144 p. | ||
| 942 | _cBK | ||
| 999 |
_c119879 _d119879 |
||